000 00723nam a22002057a 4500
999 _c8130
_d8130
003 AR-CdUCM
008 190322b ||||| |||| 00| 0 spa d
020 _a9972-649-20-7
040 _aMUNICIPALIDAD PROVINCIAL DEL CUSCO
_cBIBLIOTECA MUNICIPAL DEL CUSCO
082 _a070.19 /
_bA14
100 _ad'Ornellas, Manuel
_922955
245 _aManuel d'Ornellas :
_b(Una antología de sus artículos)
260 _aLima :
_bTelefónica,
_c2000.
300 _a518 páginas ;
_bIlustraciones,
_c21 cm.
505 _aContenido : Entrevista -- Los años 60 -- Los años 70 -- Entre 1980 y 1984 -- Entre 1985 y 1989...
650 _aPeriodismo
_91929
700 _aRosario Abraham
_922956
942 _2ddc
_cLIBROS
945 _admma